000 00463nam a2200169Ia 4500
003 OSt
005 20260306150025.0
008 211028s2009 xx 000 0 und d
040 _cAIMIT LIBRARY
041 _aeng
100 _aLewis, Shiney Maria; Nausheeda.
_g60471452
_93063
110 _aHemalatha.
_93064
245 _aCorporate group website development for semIndia /
260 _aBangalore
_c2009
710 _aINAT Solutions
_93065
942 _2ddc
_cPRO
999 _c217106
_d217106